[Event "Vienna Schev May"]
[Site "Vienna"]
[Date "2023.05.17"]
[Round "1"]
[White "Borrmann, Laurenz"]
[Black "Alvir, Aco"]
[Result "1/2-1/2"]
[WhiteElo "2304"]
[BlackElo "2291"]
[PlyCount "69"]
[EventDate "2023.05.17"]
[EventType "schev"]
[EventRounds "9"]
[EventCountry "AUT"]
[SourceTitle "CBM 214 Extra"]
[Source "ChessBase"]
[SourceDate "2023.07.31"]
[SourceVersion "1"]
[SourceVersionDate "2023.07.31"]
[SourceQuality "1"]
[WhiteTeam "Team A"]
[BlackTeam "Team D"]
[WhiteTeamCountry "AUT"]
[BlackTeamCountry "AUT"]

1. d4 Nf6 2. c4 g6 3. Nc3 d5 4. cxd5 Nxd5 5. e4 Nxc3 6. bxc3 Bg7 7. Nf3 c5 8. h3 0-0 9. Be2 Nc6 10. Be3 cxd4 11. cxd4 Qa5+ 12. Bd2 Qa3 13. d5 Ne5 14. Nxe5 Bxe5 15. Rb1 Bc3 16. 0-0 Bxd2 17. Qxd2 Qd6 18. Qd4 e6 19. Bc4 e5 20. Qe3 b6 21. f4 Bd7 22. f5 gxf5 23. exf5 f6 24. Rbc1 Kh8 25. Bd3 Rac8 26. Be4 Rxc1 27. Rxc1 Rc8 28. Rxc8+ Bxc8 29. Qh6 Kg8 30. Kh2 Bd7 31. g4 Qc5 32. Qxf6 Qf2+ 33. Bg2 Qf4+ 34. Kh1 Qc1+ 35. Kh2 1/2-1/2

[Event "BIH-chT 29th"]
[Site "Bihac"]
[Date "2022.08.27"]
[Round "7.1"]
[White "Alvir, Aco"]
[Black "Redzepi, Mehmedalija"]
[Result "1-0"]
[WhiteElo "2333"]
[BlackElo "1859"]
[PlyCount "33"]
[EventDate "2022.08.23"]
[EventType "tourn"]
[EventRounds "9"]
[EventCountry "BIH"]
[SourceTitle "CBM 210 Extra"]
[Source "ChessBase"]
[SourceDate "2022.11.30"]
[SourceVersion "1"]
[SourceVersionDate "2022.11.30"]
[SourceQuality "1"]

1. e4 e6 2. d4 d5 3. Nc3 Nf6 4. Bg5 Be7 5. e5 Nfd7 6. Bxe7 Qxe7 7. f4 a6 8. Nf3 c5 9. Bd3 g6 10. dxc5 Qxc5 11. Qd2 Nc6 12. h4 b5 13. h5 Rg8 14. hxg6 hxg6 15. Ng5 Nf8 16. Nge4 dxe4 17. Nxe4 1-0

[Event "BIH-chT 29th"]
[Site "Bihac"]
[Date "2022.08.26"]
[Round "6.1"]
[White "Musovic, Armin"]
[Black "Alvir, Aco"]
[Result "1-0"]
[WhiteElo "2312"]
[BlackElo "2333"]
[PlyCount "145"]
[EventDate "2022.08.23"]
[EventType "tourn"]
[EventRounds "9"]
[EventCountry "BIH"]
[SourceTitle "CBM 210 Extra"]
[Source "ChessBase"]
[SourceDate "2022.11.30"]
[SourceVersion "1"]
[SourceVersionDate "2022.11.30"]
[SourceQuality "1"]

1. e4 e5 2. Nf3 Nf6 3. Nc3 Bb4 4. a3 Bxc3 5. dxc3 0-0 6. Bg5 d6 7. Bd3 Be6 8. h3 Nbd7 9. Qe2 a6 10. Nd2 Re8 11. Rd1 h6 12. Bh4 Nf8 13. g4 g5 14. Bg3 Ng6 15. f3 Nh7 16. Qf2 Qf6 17. Nf1 Rad8 18. Ne3 c6 19. Kd2 Nh4 20. Kc1 Nf8 21. Nf5 Bxf5 22. gxf5 Nh7 23. Rhg1 Kh8 24. Be2 Rg8 25. Rd2 Qe7 26. Qe3 Rg7 27. Rdd1 Nf6 28. Bxh4 gxh4 29. Qxh6+ Rh7 30. Qg5 Rg8 31. Qd2 Rxg1 32. Rxg1 Nh5 33. Rg4 Nf4 34. Bf1 Rg7 35. Qf2 Rxg4 36. fxg4 Kg7 37. c4 c5 38. Kb1 Kh6 39. Qd2 Qc7 40. Ka2 Kg5 41. Qe3 Qa5 42. Kb1 Qc7 43. Kc1 Kh6 44. g5+ Kxg5 45. Qg1+ Kh6 46. Qg8 Qe7 47. Qh8+ Kg5 48. Qg7+ Kh5 49. Kd1 Qg5 50. Qh7+ Qh6 51. Qxf7+ Kg5 52. Qg8+ Kf6 53. Qd8+ Kg7 54. Qc7+ Kf8 55. Qd8+ Kf7 56. Ke1 Nh5 57. Qd7+ Kf8 58. Kd1 Nf4 59. Qc8+ Ke7 60. Qxb7+ Kd8 61. Qb8+ Kd7 62. Qb7+ Kd8 63. Qxa6 Kc7 64. Qa7+ Kc8 65. Qa6+ Kc7 66. Qa5+ Kc6 67. Qd2 Qg5 68. Qf2 Kd7 69. b4 Kc6 70. c3 Nh5 71. Ke2 Nf6 72. a4 Kc7 73. Bg2 1-0

[Event "AUT-chT2O 2021"]
[Site "Austria"]
[Date "2020.10.17"]
[Round "1.3"]
[White "Alvir, Aco"]
[Black "Schwab, Lukas"]
[Result "1-0"]
[WhiteElo "2345"]
[BlackElo "2178"]
[PlyCount "153"]
[EventDate "2020.10.17"]
[EventType "team-tourn"]
[EventRounds "11"]
[EventCountry "AUT"]
[SourceTitle "CBM 199 Extra"]
[Source "ChessBase"]
[SourceDate "2021.01.31"]
[SourceVersion "1"]
[SourceVersionDate "2021.01.31"]
[SourceQuality "1"]
[WhiteTeam "Pamhagen II"]
[BlackTeam "Donaustadt"]
[WhiteTeamCountry "AUT"]
[BlackTeamCountry "AUT"]

1. g3 d5 2. Bg2 c6 3. d3 Nf6 4. Nd2 g6 5. Ngf3 Bg7 6. 0-0 0-0 7. e4 dxe4 8. dxe4 Na6 9. Qe2 Nc5 10. Rd1 Qc7 11. h3 Rd8 12. e5 Nd5 13. Nb3 Ne6 14. Bd2 Nb6 15. a4 Nd7 16. Bc3 Ndc5 17. Nxc5 Rxd1+ 18. Rxd1 Nxc5 19. b3 Ne6 20. Nd2 Bd7 21. Nc4 Rd8 22. f4 Nf8 23. Qd2 Re8 24. Ne3 Bh6 25. Qf2 Qc8 26. Kh2 Bg7 27. a5 Be6 28. g4 Qc7 29. Qg3 Rd8 30. Rxd8 Qxd8 31. Qf3 Qc7 32. a6 Bc8 33. axb7 Bxb7 34. Nc4 Ne6 35. Qe4 Ba6 36. Nd2 Bb5 37. Nf3 Nc5 38. Qe3 Ne6 39. f5 Nf8 40. Kh1 Qd8 41. Bd2 Qb6 42. c4 Ba6 43. Qd3 Qc5 44. Be3 Qa3 45. Bf4 Qa5 46. Kh2 Bb7 47. Qe3 c5 48. Nd2 Bxg2 49. Kxg2 Qb6 50. Qd3 Qc7 51. Qe4 Qc8 52. Nf3 Qd7 53. Be3 Qc8 54. Bf2 h6 55. Nh4 Qa6 56. Nf3 Qb6 57. Qd3 Qb7 58. Bg3 gxf5 59. gxf5 Qd7 60. Qxd7 Nxd7 61. Kf2 Kf8 62. Ke3 Ke8 63. Ke4 e6 64. f6 Bf8 65. h4 h5 66. Bf4 Nb6 67. Bd2 Kd7 68. Ng1 Na8 69. Ne2 Nc7 70. Ng3 Na6 71. Nxh5 Nb4 72. Ng7 Nc6 73. h5 Ne7 74. fxe7 Bxg7 75. Bg5 Ke8 76. h6 f5+ 77. Kf4 1-0

[Event "GER Cup Net V3 U2400"]
[Site "Playchess.com INT"]
[Date "2020.05.27"]
[Round "2"]
[White "Alvir, Aco"]
[Black "Spitzl, Vinzent"]
[Result "1-0"]
[WhiteElo "2295"]
[BlackElo "2047"]
[PlyCount "121"]
[EventDate "2020.05.27"]
[EventType "swiss (blitz)"]
[EventRounds "9"]
[EventCountry "GER"]
[SourceTitle "EXT 2021"]
[Source "ChessBase"]
[SourceDate "2020.10.23"]
[SourceVersion "1"]
[SourceVersionDate "2020.10.23"]
[SourceQuality "1"]

1. e4 c6 2. d4 d5 3. Nc3 dxe4 4. Nxe4 Nf6 5. Nxf6+ exf6 6. Bc4 Bd6 7. Qe2+ Qe7 8. Qxe7+ Kxe7 9. Be3 Re8 10. 0-0-0 Kf8 11. Ne2 Be6 12. d5 cxd5 13. Bxd5 Bxd5 14. Rxd5 Be5 15. Rhd1 Nc6 16. c3 Red8 17. h3 Rxd5 18. Rxd5 Ke7 19. f4 Bc7 20. Bc5+ Ke6 21. c4 f5 22. g3 Rd8 23. Rxd8 Bxd8 24. Kc2 h5 25. h4 Bf6 26. a3 a6 27. b4 b5 28. Kb3 g6 29. a4 bxc4+ 30. Kxc4 Kd7 31. Kd5 Ne7+ 32. Kc4 Nc6 33. Bb6 Ne7 34. b5 axb5+ 35. axb5 Nc8 36. Bc5 Bd8 37. Nc3 Nb6+ 38. Kd3 Nc8 39. Nd5 Ke6 40. Ne3 Kd7 41. Nc4 Ke6 42. Kd4 Kd7 43. Kd5 Ne7+ 44. Bxe7 Bxe7 45. Ne5+ Kc7 46. Nxf7 Bb4 47. Ne5 Be1 48. Nxg6 Bxg3 49. Ke6 Kb6 50. Kxf5 Kxb5 51. Kg5 Kc6 52. Kxh5 Kd7 53. Kg4 Be1 54. h5 Ke8 55. h6 Kf7 56. h7 Bc3 57. h8Q Bxh8 58. Nxh8+ Kg7 59. Kf5 Kxh8 60. Ke6 Kg8 61. Ke7 1-0